000 00474nam a2200181Ia 4500
001 13283
005 20260306164749.0
008 260306t2009||||xx |||||||||||||| ||spa||
041 _aESP
082 _a001.42
_bI63 T. 2
100 _aUnidad de Postgrados de la Universidad Politécnica Salesiana, Ecuador
_eAUT
245 0 _aInvestigación, ciencia y sociedad
260 _c2009
300 _a
_c24 cm.
650 _aGEN
654 _aCHU
942 _cREV
_dJUS
_fJUS
_2ddc
_n
999 _c13283
_d13283